| 000 | 00666cab a2200241 4500 | ||
|---|---|---|---|
| 001 | ABS56789 | ||
| 008 | 090401t1997 xxu||||| |||| 00| 0 eng d | ||
| 035 | _a(Sirsi) u77575 | ||
| 041 | _aeng | ||
| 100 | _aAnderson, R. | ||
| 245 | _aSelf-aware assessment | ||
| 260 | _c1997 | ||
| 350 | _a0 | ||
| 490 |
_aBuilding _v267(7983) 27 March 1997, 34(1) |
||
| 520 | _aLooks at what self-assessment will mean for construction industry employees and their employers from 6 April 1997. | ||
| 650 | _aCONSTRUCTION INDUSTRY | ||
| 650 | _aEMPLOYEES | ||
| 650 | _aEMPLOYERS | ||
| 650 | _aSELF-ASSESSMENT | ||
| 690 | _aTAXATION | ||
| 942 | _n0 | ||
| 948 | _c04/04/1997 | ||
| 999 |
_c48765 _d48765 |
||